Pinback - "Lyon" Lyrics - Statistics

General Stats
  • This quiz has been taken 10 times
  • The average score is 83 of 174
Answer Stats
Lyrics % Correct
a
83%
be
83%
I
83%
I'm
83%
of
83%
the
83%
there
83%
to
83%
To
83%
But
67%
for
67%
has
67%
I'd
67%
I'll
67%
know
67%
my
67%
seen
67%
you
67%
And
50%
Backward
50%
better
50%
car
50%
days
50%
don't
50%
fifteenth
50%
Gonna
50%
gonna
50%
headed
50%
in
50%
leap
50%
manta
50%
no
50%
Once
50%
out
50%
Pave
50%
ray
50%
sweeps
50%
take
50%
tide
50%
touch
50%
way
50%
We
50%
bridge
33%
carry
33%
cop
33%
ditch
33%
Drive
33%
her
33%
here
33%
legs
33%
me
33%
one
33%
our
33%
park
33%
tonight
33%
two
33%
were
33%
who's
33%
with
33%
working
33%
your
33%
boring
17%
have
17%
lake
17%
long
17%
party
17%
Sometimes
17%
tea
17%
that
17%
That
17%
they
17%
was
17%
wish
17%
Wonderland
17%
at
0%
blanket
0%
breath
0%
Buried
0%
burning
0%
celebrate
0%
deep
0%
end
0%
flume
0%
Hold
0%
hot
0%
Move
0%
ride
0%
sand
0%
slide
0%
steal
0%
sun
0%
under
0%
wallet
0%
We'd
0%
window
0%
No matching quizzes found
Score Distribution
Percent of People with Each Score
Percentile by Number Answered
Your Score History
You have not taken this quiz